| 000 | 00479nam a22001817a 4500 | ||
|---|---|---|---|
| 003 | OSt | ||
| 005 | 20180116183029.0 | ||
| 008 | 151217b xxu||||| |||| 00| 0 eng d | ||
| 020 | _a02-592-2003-1 | ||
| 024 | _202-592-2003-1 | ||
| 040 | _cLahore LUMS | ||
| 082 | _a 174.4 LUM 2003 | ||
| 100 | _aRasheed K | ||
| 245 |
_aHELLO - REVENUE _cRasheed K |
||
| 260 |
_aLahore LUMS _b Lahore University of Management Sciences _c2003 |
||
| 440 | _aHELLO - REVENUE | ||
| 942 |
_2ddc _cCS |
||
| 999 |
_c350922 _d350922 |
||